All Countries by Area with letter hints as you go along: 6 Minute Sprint - Statistics

General Stats
  • This quiz has been taken 3,782 times
  • The average score is 29 of 196
Answer Stats
Rank Country Letters of other answers % Correct
1 Russia a i t i
100%
2 Canada h i z r
91%
3 China n a t a
85%
4 United States r s i n
81%
5 Brazil u d e k
74%
6 Australia n g a r
66%
7 India r z e c
63%
8 Argentina a g o i
58%
9 Kazakhstan l m d c
57%
10 Algeria e u i n
55%
11 Democratic Republic of the Congo a x o n
49%
13 Mexico n d y .
47%
12 Saudi Arabia e d a a
45%
14 Indonesia u b n o
44%
15 Sudan i a g .
42%
17 Iran o r d r
41%
16 Libya r n u .
41%
20 Chad i g i h
39%
19 Peru h g o .
39%
18 Mongolia e a e l
38%
22 Angola a u o o
37%
23 Mali o l i v
37%
21 Niger n l t m
37%
24 South Africa o h i i
35%
25 Colombia t l r t
33%
27 Bolivia a y z r
32%
26 Ethiopia o u p a
32%
29 Egypt a g e s
31%
28 Mauritania g n e z
31%
31 Nigeria e k i m
30%
30 Tanzania i n i b
30%
33 Pakistan a z k e
29%
32 Venezuela a m a e
29%
35 Mozambique u i b a
28%
34 Namibia o r l i
28%
37 Chile a r h c
27%
36 Turkey h m m a
27%
38 Zambia u g n l
25%
40 Afghanistan r m t h
24%
39 Burma f a a r
24%
41 France o n t i
24%
42 Somalia e u a g
23%
43 Central African Republic o r a w
20%
44 South Sudan k d s a
20%
45 Ukraine a t y n
20%
46 Madagascar o n e l
19%
47 Botswana e m i n
18%
48 Kenya e a i m
18%
49 Yemen h a k r
18%
51 Spain u m u e
17%
50 Thailand p r e a
17%
52 Turkmenistan a p d k
17%
54 Papua New Guinea w b o .
15%
53 Cameroon a e e c
14%
58 Iraq a m a a
14%
57 Morocco r r b n
14%
55 Sweden z r q g
14%
56 Uzbekistan o a a a
14%
61 Japan e i u a
13%
59 Paraguay i p m i
13%
60 Zimbabwe a r l b
13%
62 Germany h p l n
12%
63 Philippines e n t y
12%
65 Finland i l w .
11%
67 Malaysia o t a .
11%
64 Republic of the Congo i e a a
11%
66 Vietnam a r e n
11%
69 Côte d'Ivoire o a l d
10%
73 Ecuador u w o e
10%
72 Italy c r . n
10%
68 Norway ô l n y
10%
71 Oman t u k Z
10%
70 Poland m a a i
10%
196 Vatican City
10%
74 Burkina Faso e b n e
9%
76 Gabon u i n a
9%
77 Guinea n a n n
9%
75 New Zealand a i t d
9%
78 United Kingdom g a a .
9%
84 Belarus y n i o
8%
80 Ghana o o a r
8%
83 Guyana e r e a
8%
85 Kyrgyzstan e r b u
8%
82 Laos u l g g
8%
81 Romania a y a y
8%
86 Senegal y m g n
8%
87 Syria a u i s
8%
79 Uganda h m s n
8%
92 Bangladesh e j e r
7%
100 Benin o b g .
7%
103 Bulgaria u a l h
7%
88 Cambodia r r i l
7%
104 Cuba u e t a
7%
99 Eritrea e n e a
7%
95 Greece i r a r
7%
105 Guatemala c u g u
7%
101 Honduras i l a e
7%
102 Liberia u b t a
7%
98 Malawi r n d r
7%
93 Nepal a e a h
7%
96 Nicaragua o l t n
7%
97 North Korea a i i u
7%
107 South Korea u r d i
7%
90 Suriname u n a k
7%
94 Tajikistan r c t w
7%
91 Tunisia a p i c
7%
89 Uruguay u n g l
7%
113 Austria n e a r
6%
112 Azerbaijan u i c m
6%
133 Bhutan a i d i
6%
125 Bosnia and Herzegovina o o i n
6%
126 Costa Rica l m o a
6%
124 Croatia o s v n
6%
115 Czech Republic a e l g
6%
130 Denmark e i t a
6%
128 Dominican Republic s n h z
6%
129 Estonia e t t a
6%
119 Georgia r t v .
6%
108 Hungary o r b b
6%
106 Iceland o n t a
6%
118 Ireland e i h i
6%
110 Jordan e e t e
6%
122 Latvia o o n a
6%
121 Lithuania a g a i
6%
195 Monaco a
6%
131 Netherlands w u w e
6%
116 Panama i e r L
6%
109 Portugal o r r r
6%
111 Serbia z s t h
6%
117 Sierra Leone r o . u
6%
127 Slovakia o t m e
6%
120 Sri Lanka i t o t
6%
132 Switzerland h i n o
6%
123 Togo r s t a
6%
114 United Arab Emirates z n r a
6%
141 Albania q r t d
5%
139 Armenia o b a n
5%
156 Bahamas o n a i
5%
137 Belgium e m o n
5%
148 Belize l r v .
5%
165 Brunei r p o m
5%
143 Burundi a a e o
5%
164 Cyprus r i e a
5%
147 Djibouti e . a e
5%
155 East Timor a n u r
5%
149 El Salvador s o i i
5%
142 Equatorial Guinea u i n d
5%
152 Fiji u a t m
5%
160 Gambia a s a u
5%
135 Guinea-Bissau o l o n
5%
144 Haiti w c b z
5%
150 Israel l j a i
5%
161 Jamaica o b r e
5%
162 Kosovo e p n i
5%
153 Kuwait w s a e
5%
163 Lebanon y u n .
5%
138 Lesotho r l a t
5%
146 Macedonia j l S e
5%
136 Moldova e s e m
5%
157 Montenegro a t b i
5%
194 Nauru o t
5%
159 Qatar a m o n
5%
145 Rwanda a i i a
5%
151 Slovenia i w z .
5%
140 Solomon Islands l u u i
5%
154 Swaziland a h t a
5%
134 Taiwan u l g t
5%
166 Trinidad and Tobago a m e i
5%
158 Vanuatu a m a v
5%
180 Andorra a y i a
4%
174 Bahrain o n g r
4%
167 Cape Verde a x r r
4%
171 Comoros ã r r n
4%
175 Dominica o n e t
4%
178 Federated States of Micronesia a d a h
4%
173 Kiribati a m g a
4%
169 Luxembourg a m . b
4%
170 Mauritius o o i a
4%
181 Palau e t b t
4%
179 Saint Lucia n l c g
4%
168 Samoa u u o T
4%
192 San Marino u u a c
4%
172 São Tomé and Príncipe i h i a
4%
182 Seychelles n r n a
4%
177 Singapore e i o u
4%
176 Tonga i d n r
4%
193 Tuvalu a n i
4%
183 Antigua and Barbuda a i n a
3%
184 Barbados a e t i
3%
191 Liechtenstein a v r c
3%
186 Grenada a l n h
2%
188 Maldives a r c M
2%
187 Malta a i s h
2%
190 Marshall Islands i n a u
2%
189 Saint Kitts and Nevis a e . l
2%
185 Saint Vincent and the Grenadines r l d t
2%
No matching quizzes found
Score Distribution
Percent of People with Each Score
Percentile by Number Answered
Your Score History
You have not taken this quiz